দৈনন্দিন জীবনের প্রয়োজনীয় আইন / (Record no. 12301)
[ view plain ]
| 000 -LEADER | |
|---|---|
| fixed length control field | 00766nam a2200229 a 4500 |
| 001 - CONTROL NUMBER | |
| JCCL Control Number | 12301 |
| 003 - CONTROL NUMBER IDENTIFIER | |
| JCCL marc code | BD-JhCC |
| 005 - DATE AND TIME OF LATEST TRANSACTION | |
| control field | 20210926092439.0 |
| 008 - FIXED-LENGTH DATA ELEMENTS--GENERAL INFORMATION | |
| fixed length control field | 210926b2021 bg |||| ||a| 000 0 ben d |
| 020 ## - INTERNATIONAL STANDARD BOOK NUMBER | |
| International Standard Book Number | 9789849523215 |
| 035 ## - SYSTEM CONTROL NUMBER | |
| system control number | (BD-JhCC)12301 |
| 040 ## - CATALOGING SOURCE | |
| Original cataloging agency | BD-JhCC |
| Modifying agency | BD-JhCC |
| 041 ## - LANGUAGE CODE | |
| Language code of Book | Bengali |
| 082 ## - DEWEY DECIMAL CLASSIFICATION NUMBER | |
| Classification number | 340.0243 |
| Author mark and Year | ALM 2021 |
| 100 ## - MAIN ENTRY--PERSONAL NAME | |
| Personal name | আলম,মাহমুদ জাহাঙ্গীর |
| 245 ## - TITLE STATEMENT | |
| Title | দৈনন্দিন জীবনের প্রয়োজনীয় আইন / |
| Statement of responsibility, etc | মাহমুদ জাহাঙ্গীর আলম । |
| 260 ## - PUBLICATION, DISTRIBUTION, ETC. (IMPRINT) | |
| Place of publication, distribution, etc | ঢাকা: |
| Name of publisher, distributor, etc | তৃনলতা প্রকাশ; |
| Date of publication, distribution, etc | ২০২১. |
| 300 ## - PHYSICAL DESCRIPTION | |
| Pagination | 336 p. : |
| Dimensions | 22 cm. |
| 651 ## - SUBJECT ADDED ENTRY--GEOGRAPHIC NAME | |
| Geographic name | Law social work |
| 942 ## - ADDED ENTRY ELEMENTS (KOHA) | |
| Source of classification or shelving scheme | Dewey Decimal Classification |
| Koha item type | Books |
| Source of classification or shelving scheme | Damaged status | Not for loan | Home library | Current library | Shelving location | Cost, normal purchase price | Total Checkouts | Full call number | Barcode | Date last seen | Copy number | Koha item type |
|---|---|---|---|---|---|---|---|---|---|---|---|---|
| Dewey Decimal Classification | JCC Rouf Library | JCC Rouf Library | General Stacks | 600.00 | 340.0243 ALM 2021 | 16953 | 09/26/2021 | C-1 | Books |